000 00830 a2200205 4500
005 20250212111244.0
020 _a9780795709418
050 0 0 _aHQ 1111
_bTHO 2020
245 0 0 _aLiving while feminist our bodies, our truths /
_cedited by Jen Thorpe.
264 1 _aCape Town, South Africa :
_bKwela Books,
_c2020.
300 _a288 pages ;
336 _atext
_btxt
_2rdacontent
337 _aunmediated
_bn
_2rdamedia
338 _avolume
_bnc
_2rdacarrier
500 _a"Fresh and fierce South African voices"--Cover.
650 0 _aFeminism
700 1 _aThorpe, Jen,
_d1984-
_eeditor.
942 _2lcc
_cBK
_h1111
_iTHO
_kHQ
999 _c11482
_d11482